The history of history /

محفوظ في:

المؤلف الرئيسي: Shotwell, James T., 1874-1965 (مؤلف)

التنسيق: كتاب

اللغة: English

منشور في: New York : Columbia University Press, 1939.

الطبعة: Revised edition of An introduction to the history of history.

الموضوعات:

الوسوم: إضافة وسم

لا توجد وسوم, كن أول من يضع وسما على هذه التسجيلة!

رقم الطلب: D13 .S5 v.1

LEADER 00708namaa2200217 4500
001 21043
003 OSt
005 20251118105927.0
008 130303s1939 nyucf 000 0beng d
040 |c ARCE Library 
050 4 |a D13 .S5 v.1 
100 1 |a Shotwell, James T.,  |d 1874-1965,  |e author  |9 40015 
245 1 4 |a The history of history /  |c by James T. Shotwell ...  
250 |a Revised edition of An introduction to the history of history. 
264 1 |a New York :  |b Columbia University Press,  |c 1939. 
300 |a volume <1> :   |b front. (portraits), plates ;   |c 24 cm. 
504 |a Bibliography : volume I, pages [379]-392. 
650 0 |a Historiography. 
901 |a reviewed 
942 |c BK  |2 lcc 
999 |c 18295  |d 18295